Filosofia del Derecho Privado (Record no. 5181)
[ view plain ]
| 000 -CABECERA | |
|---|---|
| campo de control de longitud fija | 00554nam a22001337a 4500 |
| 080 ## - NUMERO DE CLASIFICACION DECIMAL UNIVERSAL (CDU) | |
| Número de la Clasificación Decimal Universal | 340.12 So 42 |
| 100 ## - ASIENTO PRINCIPAL--NOMBRE PERSONAL | |
| Nombre personal | Solari, Gioele |
| 245 ## - MENCION DE TITULO | |
| Título propiamente dicho | Filosofia del Derecho Privado |
| Parte restante del título | la idea individual |
| 260 ## - PUBLICACION, DISTRIBUCION, ETC. (PIE DE IMPRENTA) | |
| Lugar de publicación, distribución, etc. | Buenos Aires: |
| Nombre del editor, distribuidor, etc. | Depalma, |
| Fecha de publicación, distribución, etc. | 1946 |
| 300 ## - DESCRIPCION FISICA | |
| Extensión | 449 P. |
| 650 ## - ASIENTO SECUNDARIO DE MATERIA - TERMINO TEMATICO | |
| Subdivisión general | filosofia del derecho |
| -- | derecho natural |
| -- | individualismo |
| -- | derecho privado |
| -- | Grocio |
| -- | Locke |
| -- | Hobbes |
| -- | codificacion prusiana |
| -- | Leibniz |
| -- | Pufendorf |
| -- | Rousseau |
| -- | Montesquieu |
| -- | codigo Napoleon |
| -- | derechos del hombre |
| -- | kant |
| -- | codificacion austriaca |
| -- | Bentham |
| 942 ## - ELEMENTOS AGREGADOS (KOHA) | |
| Clasificación normalizada de Koha para alfabetizar | _ |
| 945 ## - INFORMACION DE PROCESAMIENTO LOCAL | |
| Responsable de carga/modificación | Celeste Delía |
| AAAA-MM-DD - Fecha de ingreso/modificación | 2022-08-08 |
| Retirado | Perdido | Fuente de clasificación | Dañado | No se presta | Ubicación permanente | Locación actual | Estante o sala | Fecha de adquisición | Total préstamos | Signatura topográfica | Inventario | Ultima fecha vista | Fecha del precio | Tipo de item de Koha |
|---|---|---|---|---|---|---|---|---|---|---|---|---|---|---|
| Bib. Derecho | Bib. Derecho | Sala de Lectura | 08/08/2022 | 340.12 So 42 | 204206 | 08/08/2022 | 08/08/2022 | LIBRO (Consulta) |
